USA FIBA Basketball Teams - Statistics

General Stats
  • This quiz has been taken 50 times
    41 since last reset
  • The average score is 26 of 68
Answer Stats
Group Answer % Correct
2006 LeBron James
86%
2006 Dwyane Wade
77%
2010 Stephen Curry
77%
1994 Shaquille O'Neal
71%
2006 Carmelo Anthony
69%
2010 Kevin Durant
69%
2023 Anthony Edwards
63%
2006 Chris Bosh
63%
2014 Klay Thompson
63%
2023 Tyrese Haliburton
63%
2014 Kyrie Irving
60%
2006 Chris Paul
57%
2019 Jayson Tatum
57%
2023 Cameron Johnson
54%
2023 Jalen Brunson
54%
2014 James Harden
54%
2006 Joe Johnson
54%
1994 Kevin Johnson
54%
1994 Larry Johnson
54%
2014 Anthony Davis
51%
2019 Jaylen Brown
51%
2006 Brad Miller
46%
2006 Dwight Howard
46%
1994 Reggie Miller
46%
2023 Austin Reaves
43%
2010 Kevin Love
43%
2010 Russell Westbrook
43%
2010 Derrick Rose
40%
2014 DeMarcus Cousins
37%
2014 DeMar DeRozan
37%
2019 Kemba Walker
37%
1994 Alonzo Mourning
34%
2019 Donovan Mitchell
34%
2019 Khris Middleton
34%
2023 Mikal Bridges
34%
1994 Steve Smith
34%
2010 Tyson Chandler
34%
2010 Andre Iguodala
31%
2019 Harrison Barnes
31%
2023 Jaren Jackson Jr.
31%
1994 Shawn Kemp
31%
2023 Brandon Ingram
29%
2010 Chauncey Billups
29%
2019 Derrick White
29%
2023 Josh Hart
29%
2019 Myles Turner
29%
2023 Paolo Banchero
29%
2014 Mason Plumlee
26%
2014 Andre Drummond
23%
2019 Brook Lopez
23%
1994 Joe Dumars
23%
2014 Kenneth Faried
23%
2023 Bobby Portis
20%
2010 Danny Granger
20%
2010 Eric Gordon
20%
2023 Walker Kessler
20%
1994 Dominique Wilkins
14%
2019 Joe Harris
14%
2006 Kirk Hinrich
14%
2010 Lamar Odom
14%
2019 Marcus Smart
14%
2010 Rudy Gay
14%
1994 Dan Majerle
11%
2006 Elton Brand
11%
2006 Antawn Jamison
9%
1994 Mark Price
9%
2006 Shane Battier
9%
1994 Derrick Coleman
6%
No matching quizzes found
Score Distribution
Percent of People with Each Score
Percentile by Number Answered
Your Score History
You have not taken this quiz since the last reset